[Event "ESP-ch U12"]
[Site "Salobrena"]
[Date "2020.07.28"]
[Round "3"]
[White "Senosiain Noriega, Unax"]
[Black "Pinyol I Llora, Julia"]
[Result "0-1"]
[WhiteElo "1232"]
[BlackElo "1530"]
[PlyCount "74"]
[EventDate "2020.07.27"]
[EventType "swiss"]
[EventRounds "9"]
[EventCountry "ESP"]
[SourceTitle "EXT 2021"]
[Source "ChessBase"]
[SourceDate "2020.10.23"]
[SourceVersion "1"]
[SourceVersionDate "2020.10.23"]
[SourceQuality "1"]

1. e4 c5 2. Nf3 e6 3. d4 cxd4 4. Nxd4 a6 5. Nc3 Qc7 6. Be3 Nf6 7. f4 d6 8. Bd3 Be7 9. g4 e5 10. fxe5 Nxg4 11. e6 Bh4+ 12. Kd2 Nxe3 13. Kxe3 Bg5+ 14. Kf2 0-0 15. Ke1 fxe6 16. Qg4 Bf6 17. Nxe6 Bxc3+ 18. bxc3 Qxc3+ 19. Ke2 Re8 20. Qh5 Rxe6 21. Raf1 Qc7 22. Kd2 b5 23. e5 g6 24. Qf3 Re8 25. Qxa8 Bb7 26. Qa7 Qa5+ 27. Kd1 Qc7 28. Kc1 dxe5 29. Be4 Nc6 30. Rf6 Nxa7 31. Bxb7 Qxb7 32. Rhf1 Qe7 33. Rxa6 e4 34. Raf6 e3 35. R6f3 e2 36. Re1 Nc6 37. Rf2 Qe3+ 0-1